Państwa posiadające na fladze kolor biały. - Statystyki

Ogólne statystyki
  • Ten quiz został rozwiązany 375 razy
    158 od ostatniego zresetowania
  • Średni wynik to 52 z 144
Statystyki odpowiedzi
Państwo: % Poprawnych
Polska
91%
Gwinea Równikowa
83%
Stany Zjednoczone
78%
Białoruś
74%
Rosja
74%
Francja
72%
Kanada
72%
Austria
70%
Meksyk
70%
Wielka Brytania
70%
Monako
67%
Grecja
65%
Hiszpania
65%
Watykan
65%
Włochy
65%
Finlandia
63%
Australia
61%
Czechy
61%
Dania
61%
Portugalia
61%
Estonia
59%
Słowacja
59%
Argentyna
57%
Łotwa
57%
Norwegia
57%
Dominika
54%
Holandia
54%
Kuba
54%
Serbia
54%
Słowenia
54%
Szwajcaria
54%
Bułgaria
52%
Kostaryka
52%
San Marino
52%
Węgry
52%
Bośnia i Hercegowina
50%
Cypr
50%
Indonezja
50%
Chorwacja
48%
Dominikana
48%
Irlandia
48%
Islandia
46%
Luksemburg
46%
Turcja
46%
Brazylia
43%
Japonia
43%
Malta
43%
Nowa Zelandia
43%
Panama
43%
Belize
41%
Chile
41%
Urugwaj
41%
Peru
39%
Antigua i Barbuda
37%
Honduras
37%
Korea Południowa
37%
Kosowo
37%
Wenezuela
37%
Arabia Saudyjska
35%
Gwatemala
35%
Niger
35%
Paragwaj
35%
Salwador
35%
Gruzja
33%
Indie
33%
Izrael
33%
Nigeria
33%
Nikaragua
33%
Republika Południowej Afryki
33%
Saint Kitts i Nevis
33%
Saint Lucia
33%
Surinam
33%
Algieria
30%
Fidżi
30%
Haiti
30%
Iran
30%
Nauru
30%
Pakistan
30%
Egipt
28%
Irak
28%
Jemen
28%
Korea Północna
28%
Madagaskar
28%
Malezja
28%
Nepal
28%
Oman
28%
Republika Środkowoafrykańska
28%
Tajlandia
28%
Azerbejdżan
26%
Laos
26%
Malediwy
26%
Mikronezja
26%
Somalia
26%
Tunezja
26%
Wyspy Marshalla
26%
Afganistan
24%
Katar
24%
Kiribati
24%
Libia
24%
Trynidad i Tobago
24%
Tuvalu
24%
Wyspy Salomona
24%
Filipiny
22%
Gujana
22%
Kambodża
22%
Kenia
22%
Republika Zielonego przylądka
22%
Uzbekistan
22%
Zjednoczone Emiraty Arabskie
22%
Brunei
20%
Ekwador
20%
Jordania
20%
Kuwejt
20%
Liban
20%
Papua-Nowa Gwinea
20%
Tadżykistan
20%
Tonga
20%
Bahrajn
17%
Botswana
17%
Liberia
17%
Mozambik
17%
Namibia
17%
Seszele
17%
Sudan
17%
Syria
17%
Uganda
17%
Bhutan
15%
Dżibuti
15%
Mjanma
15%
Sudan Południowy
15%
Turkmenistan
15%
Wybrzeże Kości Słoniowej
15%
Zimbabwe
15%
Komory
13%
Samoa
13%
Sierra Leone
13%
Singapur
13%
Timor Wschodni
13%
Burundi
11%
Gambia
11%
Lesotho
11%
Eswatini
9%
Tajwan
9%
Togo
9%
Nie znaleziono quizów pasujących do podanych kryteriów
Rozkład punktacji
Procent ludzi z każdym wynikiem
Percentyl według liczby udzielonych odpowiedzi
Twoja historia wyników
Nie rozwiązałeś tego quizu od ostatniego zresetowania